| 000 | 00411nam a2200157Ia 4500 | ||
|---|---|---|---|
| 008 | 210716s2006 xx 000 0 und d | ||
| 020 | _a8131401219 | ||
| 041 | _aeng | ||
| 082 | _a658.802 TAHN | ||
| 100 | _aTaher, Nasreen. | ||
| 245 |
_aNeuromarketing: an introduction. _bIntroduction. |
||
| 250 | _a1 | ||
| 260 |
_aHyderabad _bICFAI University Press _c2006 |
||
| 300 | _aix,167 | ||
| 700 | _aTaher, Nasreen. | ||
| 999 |
_c202398 _d202398 |
||